La enseñanza de las ciencias sociales

שמור ב:
מידע ביבליוגרפי
Main Authors: Carretero Rodríguez, Mario (Author), Pozo, Juan Ignacio (Author), Asensio, Mikel (Author)
פורמט: ספר
שפה:ספרדית
יצא לאור: Madrid Visor 1997
מהדורה:2a. ed
נושאים:
תגים: הוספת תג
אין תגיות, היה/י הראשונ/ה לתייג את הרשומה!

MARC

LEADER 00000nam a2200000 a 4500
001 UCR9067
003 CL-VaPUC
008 980613e19970000SP |||||||||||||||||spa|d
082 0 4 |a 372.83  |b CAR  |2 21 
100 0 |a Carretero Rodríguez, Mario  |e author  |9 411227 
700 0 |a Pozo, Juan Ignacio  |e author  |9 411228 
700 0 |a Asensio, Mikel  |e author  |9 411229 
245 1 3 |a La enseñanza de las ciencias sociales 
250 |a 2a. ed 
300 |a 301 p 
942 |c BK 
945 |d 19980613 00:00:00  |a aalvarez 
260 |a Madrid  |b Visor  |c 1997 
650 0 |a Ciencias sociales   |9 256351 
650 0 |a Ciencias sociales  |v Investigación  |9 307767 
650 0 |a Investigación educacional   |9 261192 
650 7 |a ENCUESTAS SOCIALES  |2 CL-VaPUC  |9 271428 
650 0 |a Métodos de enseñanza  |9 270413 
583 |a last modification  |c 20180328 10:13:38  |k Rodrigo Vera 
999 |c 270314  |d 270312 
952 |0 0  |1 0  |4 0  |6 372_830000000000000_CAR_1997  |7 0  |8 A  |9 304549  |a BIBING  |b BIBING  |d 2019-11-20  |i 3430618  |o 372.83 CAR 1997  |p 3430618  |r 2025-01-20  |w 2019-11-20  |y BK  |k GEO